| 000 | 00747nam0a22002291 4500 | ||
|---|---|---|---|
| 001 | rc\893040 | ||
| 005 | 20260406152521.0 | ||
| 035 | _a(NLR Aleph) 006069423 | ||
| 090 |
_a4987748 _c4987748 |
||
| 100 | _a20041129d1984 |||y0rusy50 ca | ||
| 101 | 0 | _arus | |
| 102 | _aRU | ||
| 105 | _aa ||||||||| | ||
| 200 | 1 |
_aМаугли _eПовесть-сказка _e[Для мл. возраста] _eПер. с англ. _fР. Киплинг _g[Рис. В. Шубова] |
|
| 210 |
_aМ. _cДет. лит. _d1984 |
||
| 215 |
_a192 с. _cил. _d22 |
||
| 700 | 1 |
_8rus _7ca _aКиплинг _bР. _f1865-1936 _gРедьярд _3RU\NLR\auth\775969 _9115925 |
|
| 801 | 0 |
_aRU _bNLR _gpsbo |
|
| 801 | 1 |
_aRU _bELAR _2rusmarc |
|
| 852 |
_aNLR _j84-5/4257 |
||
| 942 | _cBOOK | ||
| 980 | _aNB | ||